00260nam a22000977a 4500020001500000082001600015100002400031245004300055260002900098300003500127 a0470844302 222a005.712 aJipping, Michael J. aSymbain OS communication programming / aEngland,bWiley,cc2003. axviii, 397p. ;bill. ;c23 cm.